Histoire de France par lettre - K - Statistiques

Statistiques générales
  • Ce quiz a été pris 19 396 fois
    15 050 depuis la dernière actualisation
  • Le résultat moyen est 12 sur 21
Statistiques - réponses
Indices Réponses % Correct
Célèbre monument égyptien dans lequel Napoléon Bonaparte passa la nuit du 14 au 15 août 1799 Pyramide de {Khéops}
92%
Couvre-chef militaire emblématique des armées français dans lesquelles il a été introduit en 1861 Képi
90%
Pâtisserie bretonne qui aurait été créée par un boulanger ayant utilisé ses restes de sucre, beurre et pâte à pain un jour de forte affluence Kouign-amann
80%
Chanoine et homme politique donnant son nom à un lac dijonnais ainsi qu'à un cocktail à base de crème de cassis Félix Kir
76%
Marque d'imperméables au célèbre coupe-vent en nylon créée à Harnes en 1965 K-way
70%
La prise de cette ville par les talibans en août 2021 poussa l'armée française à lancer l'opération Apagan pour le rapatriement de ses derniers ressortissants dans la zone Kaboul
69%
Prénom parfois utilisé comme surnom pour l'année 1991 au cours de laquelle il fut attribué à près de 15 000 nouveau-nés Kévin
69%
Il se fit remarquer pour son apparition en Dionysos bleu nu lors de la cérémonie d'ouverture des Jeux olympiques de Paris 2024 Philippe Katerine
68%
Connue pour son bagne entre 1795 et 1953, elle accueille aujourd'hui le Centre spatial guyanais Kourou
60%
Peuple autochtone de la Nouvelle-Calédonie sous domination française à partir de 1852 Kanak
55%
Etat partiellement reconnu dans lequel la France intervint militairement entre 1999 et 2013 sous mandat des Nations Unies Kosovo
55%
Région historique berbère dont la conquête s'étala de 1830 à 1857 Kabylie
53%
Compagnie aérienne néerlandaise avec laquelle fusionna Air France en 2004 KLM
53%
Son film La Haine remporta trois récompenses lors de la cérémonie des Césars de 1996 Mathieu Kassovitz
53%
Sport de glisse dont l'iconique aile courbe fut brevetée par deux frères quimpérois en 1984 Kitesurf
47%
Peuple d'Asie du Sud-Est sous protectorat de 1887 à 1949 Khmer
43%
Navigateur ayant découvert un archipel portant son nom faisant aujourd'hui partie des TAAF Yves Joseph de Kerguelen
41%
Figure politique et religieuse iranienne qui séjourna dans les Yvelines afin de diffuser ses idées avant la révolution qui le porta au pouvoir en 1979 Rouhollah Khomeini
39%
Entreprise française de prêt-à-porter haut-de-gamme fondée par un couturier japonais à Paris en 1970 Kenzo
38%
Ministre de l'Ecologie de Nicolas Sarkozy puis candidate malheureuse de la droite à l'élection municipale de 2014 à Paris souvent désignée par un sigle de trois lettres Nathalie Kosciusko-Morizet
34%
Peintre russe naturalisé français en 1939 considéré comme l'un des pionniers de l'art abstrait Vassily Kandinsky
24%
Aucun quiz correspondant
Distribution des résultats
% des personnes avec chaque résultat
Percentile par nombre de réponses
Votre historique - résultats
Vous n’avez pas pris ce quiz depuis la dernière actualisation